Normal view
MARC view
- Lives Of the Poets
Entry Topical Term
001 - CONTROL NUMBER
- control field: 2604
003 - CONTROL NUMBER IDENTIFIER
- control field: JO-AjAnu
005 - DATE AND TIME OF LATEST TRANSACTION
- control field: 20230606070730.0
008 - FIXED-LENGTH DATA ELEMENTS
- fixed length control field: 230606|| aca||aabn | a|a d
040 ## - CATALOGING SOURCE
- Original cataloging agency: JO-AjAnu
- Transcribing agency: JO-AjAnu
150 ## - HEADING--TOPICAL TERM
- Topical term or geographic name entry element: Lives Of the Poets
670 ## - SOURCE DATA FOUND
- Source citation: Work cat.: (JO-AjAnu)1361: Edited by: LONSDALE, ROGER , Notes by JOHN MULLAN , author 2603, The Lives Of the Poets A Selection